Loading...
Puthiya varthamanangal/
| Main Author: | |
|---|---|
| Format: | Printed Book |
| Language: | English |
| Published: |
Kollam:
Imprint Books,
1995
|
| LEADER | 00516nam a22001577a 4500 | ||
|---|---|---|---|
| 003 | OSt | ||
| 005 | 20200624134614.0 | ||
| 008 | 160226b xxu||||| |||| 00| 0 eng d | ||
| 082 | |a 854.V1 PUT | ||
| 100 | |a Vijayan, M. N. | ||
| 245 | |a Puthiya varthamanangal/ |c M. N. Vijayan | ||
| 260 | |a Kollam: |b Imprint Books, |c 1995 | ||
| 300 | |a 93p. | ||
| 942 | |2 ddc |c BK | ||
| 999 | |c 327251 |d 327251 | ||
| 952 | |0 0 |1 0 |2 ddc |4 0 |6 854_000000000000000_V1_PUT |7 0 |9 373801 |a CSC |b CSC |c ST1 |d 2016-02-26 |i 7131 |l 0 |o 854.V1 PUT |p CSC7131 |r 2016-02-26 |w 2016-02-26 |y BK | ||